000 01513nam1a2200325 i 4500
001 RU\NLR\bibl\472622
005 20241103104904.0
035 _a(NLR Aleph) 000465751
090 _a962167
_c962167
100 _a20031216g20029999u y0rusy50 ca
101 0 _arus
102 _aRU
105 _a||||j |||||
200 1 _aЭнергетические установки высокоскоростных судов
_eУчеб. пособие для студентов спец. 140200 и 140100
_fВ.Л. Химич, Ю.П. Чернигин
_gМ-во образования Рос. Федерации, Нижегор. гос. техн. ун-т
210 _aН.Новгород
_cНГТУ
_d2002
215 _d20
463 0 _1001469613
463 0 _1001867564
463 0 _1001930127
606 _aСуда скоростные
_jРуководства, пособия и т.п. для высшей школы
_xСиловые установки
_92312156
_3RU\NLR\auth\661383744
606 _aСуда скоростные
_jУчебные издания для высших учебных заведений
_xСиловые установки
_92312156
_3RU\NLR\auth\661383744
686 _aО455я73-1
686 _aО15я73-1
700 1 _aХимич
_bВ. Л.
_gВладимир Леонидович
_4070
701 1 _aЧернигин
_bЮ. П.
_gЮрий Павлович
_4070
801 0 _aRU
_bNLR
_c20031216
_gPSBO
801 1 _aRU
_bNLR
_c20031216
852 _aNLR
_j2003-3/29292
942 _cBOOK